[Event "IM"]
[Site "Dubna RUS"]
[Date "2007.08.03"]
[Round "2"]
[White "Kovtunenko,A"]
[Black "Neverov,I"]
[Result "1/2-1/2"]
[WhiteElo "2293"]
[BlackElo "2146"]

1.e4 c5 2.Nf3 Nc6 3.Bb5 e6 4.O-O Nge7 5.Nc3 a6 6.Bxc6 Nxc6 7.d4 cxd4 8.Nxd4 Be7
9.Be3 O-O 10.Qe2 Qc7 11.Rad1 b5 12.Qg4 Ne5 13.Qg3 Bf6 14.Nce2 Bb7 15.f3 Rac8
16.b3 Nc6 17.Qg4 Nb4 18.Nf4 g6 19.Nh5 Bh8 20.a3 Nxc2 21.Nxc2 Qxc2 22.Rxd7 Bc6
23.Qf4 Qc3 24.Rc1 Qe5 25.Rd6 Qxh5 26.g4 Qe5 27.Qxe5 Bxe5 28.Rdxc6 Rcd8 29.Bg5 Rd3
30.f4 Bg7 31.e5 f6 32.exf6 Bxf6 33.Rxe6 Bxg5 34.fxg5 Rf4 35.Rc8+ Kg7 36.Rc7+ Rf7
37.Rxf7+ Kxf7 38.Rxa6 Rxb3 39.Ra7+ Kg8 40.Kf2 Rb2+ 41.Kg3 b4 42.axb4 Rxb4
43.Ra3 Rb6 44.h4 Rb8 45.h5 gxh5 46.gxh5 Rf8 47.Kg4 Rb8 48.Ra5 Rf8 49.h6 Kh8
50.Ra6 Rg8 51.Kf5 Rf8+ 52.Rf6 Ra8 53.Rb6 Rf8+ 54.Ke6 Rg8 55.Kf7 Rf8+ 56.Ke7 Rg8
57.Kf7 Rf8+  1/2-1/2

[Event "Scandinavian Chess Tournament"]
[Site "Taby SWE"]
[Date "2007.08.04"]
[Round "1"]
[White "Lindberg,Be"]
[Black "Palmblad,J"]
[Result "1-0"]
[WhiteElo "2443"]
[BlackElo "2154"]

1.e4 c5 2.Nf3 Nc6 3.Bb5 g6 4.Bxc6 dxc6 5.d3 Bg7 6.h3 Nf6 7.O-O O-O 8.Be3 c4
9.Nc3 cxd3 10.cxd3 Ne8 11.Qd2 e5 12.Rad1 Qe7 13.d4 exd4 14.Nxd4 Nc7 15.f4 c5
16.Nde2 b6 17.f5 Bb7 18.Bg5 f6 19.Bf4 Rfd8 20.Bd6 Qf7 21.Qe3 gxf5 22.exf5 Nd5
23.Qg3 Kh8 24.Nxd5 Bxd5 25.Nc3 Bc6 26.Rfe1 Re8 27.Kh2 Qh5 28.Qg4 Qxg4 29.hxg4 Bh6
30.Kg3 Be3 31.Ne2 h5 32.Rh1 Kg7 33.Rxh5 Rad8 34.Rhh1 Bd4 35.Nxd4 cxd4 36.Bf4 Re2
37.Rd2 Rde8 38.Rc1 Rxd2 39.Bxd2 Bxg2 40.Rc7+ Kg8 41.Bh6 Bd5 42.Rg7+ Kh8 43.Rd7 Bxa2
44.Bg7+ Kg8 45.Bxf6 Re2 46.g5 d3 47.g6 Re8 48.Kf4 Bc4 49.Bc3  1-0

[Event "Open"]
[Site "Dubna RUS"]
[Date "2007.08.05"]
[Round "2"]
[White "Barlakov,A"]
[Black "Konovalov,N"]
[Result "0-1"]
[WhiteElo "2253"]
[BlackElo "2431"]

1.e4 c5 2.Nf3 Nc6 3.Bb5 g6 4.Bxc6 dxc6 5.d3 Bg7 6.O-O e5 7.Be3 b6 8.h3 Ne7
9.Qd2 h6 10.Nc3 Be6 11.Nh2 g5 12.Rfe1 Ng6 13.a3 O-O 14.b4 c4 15.Nf3 cxd3
16.cxd3 Qd7 17.Red1 Rad8 18.Rab1 Kh7 19.Ne2 f5 20.exf5 Bxf5 21.Ne1 Nf4 22.Ng3 Bg6
23.Bxf4 exf4 24.Ne2 Rfe8 25.Nc3 Re7 26.Rbc1 Bh5 27.Nf3 Bxf3 28.gxf3 Qxh3
29.Ne4 Qxf3 30.Qc2 Qg4+  0-1

[Event "Tsiolkovsky Mem"]
[Site "Kaluga RUS"]
[Date "2007.08.05"]
[Round "3"]
[White "Yandemirov,V"]
[Black "Timofeev,Vl"]
[Result "1/2-1/2"]
[WhiteElo "2504"]
[BlackElo "2312"]

1.e4 c5 2.Nf3 Nc6 3.Bb5 d6 4.c3 Nf6 5.Qe2 e6 6.O-O Bd7 7.d4 cxd4 8.cxd4 a6
9.Bxc6 Bxc6 10.Nc3 Be7 11.d5 Bd7 12.dxe6 Bxe6 13.Nd4 Bg4 14.f3 Bd7 15.Be3 O-O
16.Rfd1 Rc8 17.Qd2 b5 18.a3 Qc7 19.Nde2 Be6 20.Nf4 Rfd8 21.Rac1 Qb7 22.Ncd5 Nxd5
23.Nxd5 Bxd5 24.Qxd5 Qxd5 25.Rxd5 Rxc1+ 26.Bxc1 Rc8 27.Bd2 Kf8 28.Bc3 g6
29.a4 bxa4 30.Ra5 Rc6 31.Rxa4 Bd8 32.Kf1 Ke7 33.Ke2 Ke6 34.Kd3 Bf6 35.Bxf6 Kxf6
36.b4 Ke6 37.Ra5 f5 38.g4 f4 39.h4 Rb6 40.Kc4 Rc6+ 41.Kd3 h6 42.g5 h5 43.b5 axb5
44.Rxb5 Ra6 45.Rb7 Ra3+ 46.Ke2 Ra2+ 47.Kf1 Ra1+ 48.Ke2 Ra2+ 49.Kf1 Ra1+ 50.Ke2  1/2-1/2

[Event "Open"]
[Site "Kavala GRE"]
[Date "2007.08.05"]
[Round "1"]
[White "Karlovich,A"]
[Black "Kotronias,V"]
[Result "0-1"]
[WhiteElo "2207"]
[BlackElo "2612"]

1.e4 c5 2.Nf3 Nc6 3.Bb5 g6 4.O-O Bg7 5.Re1 Nf6 6.e5 Nd5 7.Nc3 Nc7 8.Bxc6 dxc6
9.Ne4 Ne6 10.d3 h6 11.Be3 b6 12.Qd2 g5 13.h3 Rg8 14.Ng3 Qc7 15.Qc3 Bh8 16.b4 cxb4
17.Qxb4 c5 18.Qe4 Bb7 19.Qg4 Rg6 20.Bd2 Rd8 21.Bc3 Nf4 22.Ne4 Bd5 23.Qg3 Kf8
24.h4 Nxg2 25.hxg5 Nxe1 26.Rxe1 Qc6 27.Kf1 Qe6 28.Qf4 Qh3+ 29.Ke2 Bxe4 30.Qxe4 hxg5
31.Nxg5 Rxg5 32.Rh1 Qg4+ 33.Qxg4 Rxg4 34.Rxh8+ Rg8 35.Rh7 Ke8 36.Ke3 Rg1
37.d4 cxd4+ 38.Bxd4 Re1+ 39.Kd2 Re4 40.c3 Rd5 41.Rh5 Kd7 42.f3 Rexd4+ 43.cxd4 Rxd4+
44.Ke3 Ra4 45.Rh2 Ke6 46.f4 b5 47.Rb2 a6 48.Rh2 f6 49.exf6 exf6 50.Kf3 Ra3+
51.Ke4 f5+ 52.Kd4 Ra4+ 53.Ke3 Kd5 54.Rd2+ Kc5 55.Rc2+ Rc4 56.Rd2 Rc3+ 57.Kf2 Ra3
58.Kg2 Kc4 59.Kf2 b4 60.Kg2 a5 61.Kf2 Rh3 62.Kg2 Rd3 63.Re2 Kc3 64.Re5 Rd2+
65.Kf3 Rxa2 66.Rxf5 b3 67.Rb5 b2 68.Rb8 Ra1  0-1

[Event "Open"]
[Site "Olomouc CZE"]
[Date "2007.08.05"]
[Round "4"]
[White "Ilandzis,S"]
[Black "Balkova,A"]
[Result "1-0"]
[WhiteElo "2174"]
[BlackElo "1944"]

1.e4 c5 2.Nf3 Nc6 3.Bb5 g6 4.O-O Bg7 5.c3 e5 6.d4 cxd4 7.cxd4 Nxd4 8.Nxd4 exd4
9.Bf4 a6 10.Qa4 Ne7 11.Rc1 Nc6 12.Bd6 Qf6 13.Qa3 d3 14.Nc3 axb5 15.Qxa8 Qxd6
16.Qxc8+ Ke7 17.Qxb7 Bxc3 18.bxc3 Rb8 19.Qa6 d2 20.Rd1 Qc5 21.Rxd2 Kd8 22.Rad1  1-0

[Event "Jihlavanka Cup GMB"]
[Site "Olomouc CZE"]
[Date "2007.08.05"]
[Round "7"]
[White "Mankeyev,Raua"]
[Black "Tikkanen,H"]
[Result "1/2-1/2"]
[WhiteElo "2402"]
[BlackElo "2394"]

1.e4 c5 2.Nf3 Nc6 3.Bb5 g6 4.O-O Bg7 5.Re1 e5 6.Bxc6 dxc6 7.d3 Bg4 8.Be3 Qe7
9.Nbd2 Nf6 10.h3 Bxf3 11.Nxf3 O-O 12.c3 Rfd8 13.Qc2  1/2-1/2

[Event "Agentura 64 Cup IMB"]
[Site "Olomouc CZE"]
[Date "2007.08.05"]
[Round "7"]
[White "Kulovana,E"]
[Black "Baryshpolets,A"]
[Result "1/2-1/2"]
[WhiteElo "2276"]
[BlackElo "2307"]

1.e4 c5 2.Nf3 Nc6 3.Bb5 g6 4.O-O Bg7 5.c3 Nf6 6.Qa4 O-O 7.d4 cxd4 8.cxd4 Nxe4
9.d5 Nc5 10.Qa3 Qb6 11.Nc3  1/2-1/2

[Event "12th WY U16 Ol"]
[Site "Singapore SIN"]
[Date "2007.08.05"]
[Round "1"]
[White "Lehmann,Mar"]
[Black "So,W"]
[Result "0-1"]
[WhiteElo "2279"]
[BlackElo "2516"]

1.e4 c5 2.Nf3 Nc6 3.Bb5 e6 4.Bxc6 bxc6 5.d3 Ne7 6.Qe2 Qc7 7.O-O Ng6 8.e5 Be7
9.Na3 f6 10.Nc4 Ba6 11.Re1 O-O 12.Rb1 Bxc4 13.dxc4 fxe5 14.Nxe5 Nxe5 15.Qxe5 Bd6
16.Qh5 Rf5 17.Qh3 Qa5 18.c3 Qxa2 19.Qd3 Bf8 20.Bd2 Rf7 21.b4 Qa6 22.Be3 cxb4
23.cxb4 d5 24.b5 dxc4 25.Qe4 Qc8 26.b6 axb6 27.Rxb6 Ra6 28.Qxc4 Rxb6 29.Bxb6 Qb7
30.Bc5 Qb5 31.Qxb5 cxb5 32.Bxf8 Kxf8 33.Re5 Rb7 34.Rxe6 Re7 35.Rxe7 Kxe7
36.Kf1 Kd6 37.Ke2 Kc5 38.Kd3 Kb4 39.Kc2 Kc4 40.h4 h5 41.f3 Kd4 42.Kb3 Ke3
43.Kb4 Kf2 44.g4 hxg4 45.fxg4 Kg3  0-1

[Event "Open"]
[Site "Dubna RUS"]
[Date "2007.08.06"]
[Round "4"]
[White "Turutin,A"]
[Black "Brjuhin,B"]
[Result "1-0"]
[WhiteElo "2331"]
[BlackElo "2167"]

1.e4 c5 2.Nf3 Nc6 3.Bb5 a6 4.Bxc6 bxc6 5.O-O d6 6.e5 d5 7.d3 g6 8.Be3 e6
9.Qc1 h5 10.c4 d4 11.Bg5 Be7 12.Bxe7 Nxe7 13.Nbd2 Nf5 14.Ne4 Qb6 15.b3 a5
16.h3 h4 17.Qg5 Qa7 18.Qf6 Rh5 19.g4 hxg3 20.fxg3 Ne3 21.Nd6+ Kf8 22.Qd8+ Kg7
23.Ne8+ Kh6 24.Qf6  1-0

[Event "Open"]
[Site "Dubna RUS"]
[Date "2007.08.06"]
[Round "5"]
[White "Gorbatov,A"]
[Black "Veliev,G"]
[Result "1-0"]
[WhiteElo "2381"]
[BlackElo "2241"]

1.e4 c5 2.Nf3 Nc6 3.Bb5 Qb6 4.Nc3 e6 5.O-O Nge7 6.Re1 Nd4 7.Bf1 d6 8.Nxd4 cxd4
9.Nb5 Bd7 10.Na3 Rc8 11.c3 Nc6 12.b3 a6 13.Nc4 Qc7 14.cxd4 b5 15.d5 Nd4 16.Bb2 Qa7
17.dxe6 fxe6 18.Ne3 Be7 19.e5 O-O 20.Bd3 Rf4 21.exd6 Bxd6 22.Ng4 Rcf8 23.Re3 e5
24.Nxe5 Bxe5 25.Rxe5 Bg4 26.Qe1 Rxf2 27.Qe3 Ne2+ 28.Bxe2 Qxe3 29.Rxe3 Bxe2
30.h3 Bf1 31.Rg3 g6 32.Bd4 R2f5 33.Re1 b4 34.Re7 R8f7 35.Re8+ Rf8 36.Rge3 Bb5
37.Rxf8+ Kxf8 38.Be5 Rf1+ 39.Kh2 Kf7 40.Bd6 Ra1 41.Bxb4 Rxa2 42.Re7+ Kf6
43.Rxh7 Bd3 44.Bc3+ Ke6 45.b4 Rc2 46.Rh8 Rc1 47.Re8+ Kf7 48.Rd8 Bb5 49.Rd6 Rf1
50.g4 Be2 51.Kg3 g5 52.Rd7+ Kg6 53.Rg7+ Kh6 54.Re7 Bc4 55.Re5 Kg6 56.Bd4 Rb1
57.Be3 Rxb4 58.Rxg5+ Kh7 59.h4 Be2 60.h5 a5 61.Rxa5 Bxg4 62.Ra7+ Kg8 63.h6 Bf5
64.Bf4 Rd4 65.Rg7+ Kf8 66.Be3 Rd5 67.Kf4 Bd3 68.Rc7 Kg8 69.Re7 Rf5+ 70.Kg4 Rd5
71.Bf4 Bc2 72.Kf3 Rd3+ 73.Ke2 Rd5 74.Rg7+ Kf8 75.Rg3 Bf5 76.d3 Kf7 77.Kd2 Rd4
78.Be5 Rh4 79.Rf3 Ke6 80.Bg7 Bh7 81.Kc3 Kd5 82.Re3 Rh1 83.Re5+ Kd6 84.d4 Rc1+
85.Kd2 Rh1 86.Bf8+ Kc6 87.d5+ Kb6 88.d6 Rh2+ 89.Ke3 Rh3+ 90.Kf4 Rh1 91.Kg5 Rf1
92.Be7 Kc6 93.Rc5+ Kd7 94.Rc7+ Ke6 95.Bf8 Rf5+ 96.Kg4 Rxf8 97.Rxh7 Kxd6 98.Rg7 Ke6
99.h7 Rh8 100.Kg5 Kd6 101.Kg6 Ke6 102.Rg8  1-0

[Event "12th WY U16 Ol"]
[Site "Singapore SIN"]
[Date "2007.08.06"]
[Round "3"]
[White "Muhd,H"]
[Black "Nuri,Kam"]
[Result "1-0"]
[WhiteElo "1914"]
[BlackElo "2142"]

1.e4 c5 2.Nf3 Nc6 3.Bb5 e6 4.O-O Nge7 5.d4 cxd4 6.Nxd4 Qb6 7.Bxc6 bxc6 8.Nc3 Ng6
9.Kh1 Bb7 10.Re1 c5 11.Nb3 Bd6 12.Be3 Rc8 13.Na4 Qc7 14.Naxc5 Bxc5 15.h3 O-O
16.Nd4 f5 17.exf5 exf5  1-0

[Event "12th WY U16 Ol"]
[Site "Singapore SIN"]
[Date "2007.08.06"]
[Round "3"]
[White "Lin,Z"]
[Black "Sumant,S"]
[Result "1/2-1/2"]
[WhiteElo "2174"]
[BlackElo "1964"]

1.e4 c5 2.Nf3 Nc6 3.Bb5 g6 4.O-O Bg7 5.c3 Nf6 6.Qa4 O-O 7.d4 cxd4 8.cxd4 a6
9.d5 Na5 10.Be2 b5 11.Qb4 Nb7 12.Nc3 d6 13.a4 a5 14.Qd4 b4 15.Nb5 Nc5 16.e5 Nfd7
17.Qh4 Nxe5 18.Nfd4 Bb7 19.f4 Ned3 20.Bf3 Nxc1 21.Rfxc1 Qb6 22.Kh1 Nd3 23.Rd1 Nxb2
24.Rd2 Nc4 25.Rd3 Ba6 26.Rb1 Bxd4 27.Nxd4 Na3 28.Rxa3 Qxd4 29.Raa1 b3 30.Rd1 b2
31.Rab1 Qc3 32.Qxe7 Bd3 33.Qe3 Rfe8 34.Qxd3 Re1+ 35.Rxe1 Qxd3 36.Rxb2 Qd4
37.Ra2 Qxf4 38.h3 Rb8 39.Rea1 Kg7 40.Re2 Rb4 41.Rea2 h5 42.Ra3 Rc4 43.R3a2 Kh6
44.Kg1 g5 45.Be2 Qe3+ 46.Kh1 Rh4 47.Bf1 Rf4 48.Rd1 Qb3 49.Raa1 Rxa4 50.Rdb1 Rxa1
51.Rxb3 Rxf1+ 52.Kh2 Rd1 53.Rb5 a4 54.Ra5 Rd4 55.Kg3 Kg6 56.Ra6 Rxd5 57.Rxa4 Kf5
58.Kf3 g4+ 59.Ke3 Re5+ 60.Kd3 d5 61.Rd4 Kg5 62.Kd2 Kh4 63.Rd3 f5 64.Ra3 f4
65.hxg4 hxg4 66.Rd3 f3 67.gxf3 g3 68.f4 Rf5 69.Ke3 Kh3 70.Kf3 g2 71.Rd1 Kh2
72.Rd2  1/2-1/2

[Event "12th WY U16 Ol"]
[Site "Singapore SIN"]
[Date "2007.08.06"]
[Round "3"]
[White "Yu,D"]
[Black "Uesugi,S"]
[Result "1/2-1/2"]
[WhiteElo "1996"]
[BlackElo "2154"]

1.e4 c5 2.Nf3 Nc6 3.Bb5 g6 4.Bxc6 dxc6 5.d3 Bg7 6.Nc3 e5 7.O-O Ne7 8.Be3 Qd6
9.Nd2 b6 10.f4 Be6 11.Qf3 f6 12.fxe5 fxe5 13.Qg3 O-O-O 14.Nf3 h6 15.a3 g5
16.b4 cxb4 17.axb4 Kb7 18.b5 Ng6 19.Ra4 Nf4 20.Rfa1 Ra8 21.d4 exd4 22.Nxd4 Bxd4
23.Rxd4 Qe5 24.bxc6+ Kxc6 25.Rad1 Rhg8 26.Bxf4 gxf4 27.Qd3 Raf8 28.Nb5 f3
29.Qc3+ Qc5 30.Nxa7+ Kc7 31.Nb5+ Kb8 32.Qxc5 bxc5 33.R4d2 Bc4 34.Nc3 h5  1/2-1/2

[Event "6th Int Open"]
[Site "Davos SUI"]
[Date "2007.08.07"]
[Round "2"]
[White "Rumpf,T"]
[Black "Gonda,L"]
[Result "1/2-1/2"]
[WhiteElo "2210"]
[BlackElo "2485"]

1.e4 c5 2.Nf3 Nc6 3.Bb5 e6 4.O-O Nge7 5.Re1 a6 6.Bf1 d5 7.exd5 Nxd5 8.d4 Nf6
9.c3 Be7 10.Be3 cxd4 11.cxd4 O-O 12.Nc3 b5 13.a4 b4 14.Ne2 Bb7 15.Nf4 Nd5
16.Nd3 Rc8 17.Rc1 Na5 18.Nde5 Nb6 19.Rxc8 Bxc8 20.Qc2 Bb7 21.Bd3 f5 22.Rc1 Qd5
23.Qc7 Bd8 24.Qc5 Nb3 25.Qxd5 Bxd5 26.Rc2 a5 27.Bf4 g5 28.Bxg5 Nxd4 29.Bxd8 Nxf3+
30.gxf3 Rxd8 31.Rc7 Rc8 32.Ra7 Rc5 33.Kg2 Bb3 34.f4 Bxa4 35.Kg3 Nd5 36.Bc4 Be8
37.Ra8 Nc7 38.Rb8 Kg7 39.Bxe6 Nxe6 40.Rxe8 Nd4 41.Re7+ Kg8 42.Kh4 a4 43.Ra7 a3
44.bxa3 b3 45.Rb7 Rb5 46.Rxb5 Nxb5 47.Nc4 Kf7 48.a4 Nc7 49.Kg5 Ke6 50.Nb2 Kd5
51.Kxf5 Kd4 52.a5 Kc3 53.Na4+ Kb4 54.Nb2 Kc3  1/2-1/2

[Event "UTwente YM"]
[Site "Hengelo NED"]
[Date "2007.08.07"]
[Round "3"]
[White "Meier,Geo"]
[Black "Kuzubov,Y"]
[Result "1/2-1/2"]
[WhiteElo "2546"]
[BlackElo "2568"]

1.e4 c5 2.Nf3 Nc6 3.Bb5 g6 4.Bxc6 dxc6 5.d3 Bg7 6.h3 b6 7.Nc3 Nh6 8.O-O O-O
9.Re1 f6 10.e5 Nf5 11.Bf4 Re8 12.Ne4 Be6 13.Qd2 Nd4 14.Nxd4 cxd4 15.exf6 exf6
16.Nd6 Re7 17.Re2 Bd5 18.Rxe7 Qxe7 19.Re1 Qd7 20.Qe2 Rd8 21.Ne8 Bf7 22.Nxg7 Kxg7
23.b3  1/2-1/2

[Event "Scandinavian Chess Tournament"]
[Site "Taby SWE"]
[Date "2007.08.07"]
[Round "6"]
[White "Forsberg,V"]
[Black "Karlsson,L"]
[Result "0-1"]
[WhiteElo "2193"]
[BlackElo "2493"]

1.e4 c5 2.Nf3 Nc6 3.Bb5 Nf6 4.Nc3 Nd4 5.e5 Nxb5 6.Nxb5 Nd5 7.Ng5 f5 8.exf6 Nxf6
9.O-O e6 10.d4 a6 11.Nc3 cxd4 12.Qxd4 Be7 13.Bf4 Nh5 14.Nf3 O-O 15.Bd6 b5
16.Nd2 Bb7 17.Nde4 Bc6 18.f4 b4 19.Qxb4 Bxd6 20.Qxd6 Qb6+ 21.Qc5 Qxc5+ 22.Nxc5 Nxf4
23.Rf2 Rf5 24.Nd3 g5 25.Re1 Raf8 26.Re5 h6 27.Rxf5 Rxf5 28.b4 Kf7 29.a4 Ke7
30.b5 axb5 31.axb5 Bxb5 32.Nxf4 gxf4 33.Nxb5 Rxb5 34.Rxf4 d5 35.g4 Rc5 36.Rf2 e5
37.Kg2 Rc3 38.Kf1 Ke6 39.Kg2 e4 40.h4 Ke5 41.g5 hxg5 42.hxg5 e3 43.Re2 Kf4
44.g6 Rc6 45.Kf1 Rxg6 46.Rh2 Kf3 47.Rh1 Rg2 48.Rh3+ Rg3 49.Rh1 e2+ 50.Ke1 Ke3
51.c4 d4  0-1

[Event "GM"]
[Site "Dubna RUS"]
[Date "2007.08.08"]
[Round "7"]
[White "Papin,V"]
[Black "Chernobay,A"]
[Result "1/2-1/2"]
[WhiteElo "2415"]
[BlackElo "2409"]

1.e4 c5 2.Nf3 Nc6 3.Bb5 g6 4.Bxc6 dxc6 5.d3 Bg7 6.h3 Nf6 7.Nc3 Nd7 8.Be3 e5
9.Qd2 h6 10.O-O Qe7 11.Nh2 Nf8 12.f4 exf4 13.Bxf4 Ne6 14.Bg3 Nd4 15.Rae1 O-O
16.Nd1 Kh7 17.Nf2 h5 18.Bf4 Ne6 19.Be3 Qc7 20.Nf3 Re8 21.e5 Bxe5 22.Ne4 f5
23.Nxc5 Bf6 24.Kh1 Qd8 25.Nxe6 Bxe6 26.Bg5 Kg8 27.Qf4 Bxg5 28.Nxg5 Qf6 29.Re3 Bf7
30.Rg3 Qe5 31.Qh4 Qe2 32.Rgf3 Re7 33.R3f2 Qe5 34.Nf3 Qd6 35.Qg5 Rae8 36.d4 Bc4
37.Rg1 Bd5 38.Ne5 Rg7 39.b3 Be4 40.Rd2 Qd8 41.Qh6 Re6 42.c4 Rd6 43.Qe3 Re7
44.Rgd1 Kh7 45.Kg1 c5 46.dxc5 Rxd2 47.Rxd2 Qc7 48.Nf3 Bxf3 49.Qxf3 Qxc5+
50.Kh2 Qc7+ 51.g3 h4 52.Qf4 hxg3+ 53.Qxg3 f4 54.Qh4+ Kg7 55.Rf2 Rf7 56.Qg4 Qe5
57.Qf3 Qf6  1/2-1/2

[Event "Open"]
[Site "Dubna RUS"]
[Date "2007.08.08"]
[Round "9"]
[White "Barlakov,A"]
[Black "Umansky,Vl"]
[Result "1/2-1/2"]
[WhiteElo "2253"]
[BlackElo "2343"]

1.e4 c5 2.Nf3 Nc6 3.Bb5 e6 4.Bxc6 bxc6 5.O-O Ne7 6.d3 Ng6 7.Nc3 e5 8.h3 Be7
9.Be3 O-O 10.Ne2 d6 11.Nh2 f5 12.f4 Be6 13.exf5 Bxf5 14.g4 Bd7 15.f5 Nh4
16.Ng3 g6 17.Kh1 gxf5 18.gxf5 Kh8 19.Qh5 Qe8 20.f6 Rxf6 21.Rxf6 Bxf6 22.Rf1 Qxh5
23.Nxh5 Be7 24.Rf7 Nf5 25.Bg5 Rf8 26.Rxe7 Nxe7 27.Bxe7 Rf2 28.Bxd6 Bxh3 29.Bxe5+ Kg8
30.Nf4 Bf5 31.c4 Rd2 32.Nf3 Rd1+ 33.Kg2 Bxd3 34.Nxd3 Rxd3 35.Bb8 Rd7 36.Be5 Kf7
37.Kg3 Ke6 38.Bc3 Kf5 39.Ne5 Rd6 40.Kh4 Re6 41.Nd7 Re4+ 42.Kg3 Rxc4 43.Kh3 Ke4
44.Nf6+ Kd3 45.Be5 Ra4 46.a3 c4 47.Nd7 Ra5 48.Bc3 Rxa3 49.Ne5+ Kc2 50.Nxc6 Rxc3+
51.bxc3 Kxc3 52.Nxa7 Kb4 53.Nc6+ Kc5 54.Ne5 c3 55.Nd3+ Kd4 56.Nc1 c2 57.Kh4 Kc3
58.Kh5 Kd2 59.Nb3+ Kc3 60.Nc1 Kb2 61.Nd3+  1/2-1/2

[Event "Open"]
[Site "Olomouc CZE"]
[Date "2007.08.08"]
[Round "8"]
[White "Ilandzis,S"]
[Black "Kutynec,V"]
[Result "1/2-1/2"]
[WhiteElo "2174"]
[BlackElo "2319"]

1.e4 c5 2.Nf3 Nc6 3.Bb5 Qb6 4.Nc3 e6 5.O-O a6 6.Bxc6 Qxc6 7.d4 cxd4 8.Nxd4 Qc7
9.f4 Bc5 10.Kh1 b5 11.a3 Bb7 12.Nb3 Bb6 13.Qg4 g6 14.f5 exf5 15.Qe2 O-O-O
16.Bf4 d6 17.a4 Qc4 18.Qxc4+ bxc4 19.Nd2 Nf6 20.Nxc4 Bc5 21.Bg5 Nxe4 22.Nxe4 Bxe4
23.Bxd8 Rxd8 24.Rad1 Bxc2 25.Rc1 Be4 26.b4 Bxb4 27.Nxd6+ Kb8 28.Nxe4 fxe4
29.Rc4 a5 30.Rxe4 f5 31.Rh4 Rd7 32.Rc1 Ba3 33.Rb1+ Kc7 34.g3 Kd8 35.Rb8+ Kc7
36.Ra8 Kb6 37.Rh8 h5 38.Rc4 Rd1+ 39.Kg2 Rd2+ 40.Kf3 Bc5 41.Rb8+ Ka7 42.Rxc5 Kxb8
43.h4 Rd3+ 44.Kg2 Rd4 45.Rxa5 Rg4 46.Kf3 Kb7 47.Rb5+ Kc6 48.Ra5 Kb6  1/2-1/2

[Event "ch-Euro Rapid Women"]
[Site "Predeal ROM"]
[Date "2007.08.08"]
[Round "3"]
[White "Muzychuk,A"]
[Black "Gheorghe,C"]
[Result "1-0"]
[WhiteElo "2456"]
[BlackElo "2247"]

1.e4 c5 2.Nf3 Nc6 3.Bb5 g6 4.O-O Bg7 5.c3 Nf6 6.d4 cxd4 7.cxd4 d5 8.e5 Ne4
9.Ne1 Qb6 10.a4 O-O 11.Bxc6 bxc6 12.a5 Qb5 13.Na3 Qxa5 14.f3 Ba6 15.Nd3 Nd6
16.exd6 Bxd4+ 17.Kh1 exd6 18.Nc2 Qb5 19.Nxd4 Qxd3 20.Qxd3 Bxd3 21.Rd1 Rfe8
22.Bf4 Be2 23.Re1 Bb5 24.Bxd6 a6 25.Kg1 Red8 26.Bc5 Rac8 27.b4 Rd7 28.Kf2 f5
29.Re6 Kf7 30.Rae1 Rcc7 31.Re8  1-0

[Event "ch-Euro Rapid Women"]
[Site "Predeal ROM"]
[Date "2007.08.08"]
[Round "5"]
[White "Bulmaga,I"]
[Black "Raeva,E"]
[Result "0-1"]
[WhiteElo "2158"]
[BlackElo "2215"]

1.e4 c5 2.Nf3 Nc6 3.Bb5 e6 4.O-O Nge7 5.c3 a6 6.Ba4 b5 7.Bc2 d5 8.exd5 Nxd5
9.d4 Qb6 10.Re1 cxd4 11.Bb3 Nf6 12.cxd4 Bb4 13.Nc3 O-O 14.Bg5 Be7 15.Qd3 h6
16.Bf4 Nb4 17.Qe2 Bb7 18.Rad1 Rad8 19.a3 Nbd5 20.Nxd5 Nxd5 21.Bg3 a5 22.Bc2 b4
23.Qd3 Nf6 24.Bh4 Ba6 25.Qe3 Rc8 26.Bb1 bxa3 27.bxa3 Qb2 28.Ne5 Qxa3 29.Qxa3 Bxa3
30.Bxf6 gxf6 31.Nd7 Rfd8 32.Nxf6+ Kg7 33.Nh5+ Kf8 34.h4 Bb4 35.Re4 Rc4 36.Nf4 Bb7
37.d5 Rxe4 38.Bxe4 e5 39.Nd3 f5 40.Bxf5 Rxd5 41.Be4 Rd7 42.Bxb7 Rxb7 43.Nxe5 a4
44.Rb1 a3 45.Ra1 Bd6 46.Nc4 a2 47.Nd2 Rb2 48.Rd1 Rxd2 49.Re1 Rb2 50.g4 Rb1  0-1

[Event "Scandinavian Chess Tournament"]
[Site "Taby SWE"]
[Date "2007.08.08"]
[Round "7"]
[White "Brynell,S"]
[Black "Heinola,V"]
[Result "1/2-1/2"]
[WhiteElo "2459"]
[BlackElo "2217"]

1.e4 c5 2.Nf3 Nc6 3.Bb5 g6 4.O-O Bg7 5.c3 Nf6 6.e5 Nd5 7.d4 cxd4 8.cxd4 O-O
9.Nc3 Nxc3 10.bxc3 d6 11.Re1 Bg4 12.exd6 Qxd6 13.h3 Bf5 14.a4 Bf6 15.Ba3 Qc7
16.Bxc6 bxc6 17.Ne5 Rfd8 18.Qf3 Rac8 19.Re3 Be6 20.Rae1 Bd5 21.Qg3 Be6 22.h4 Kh8
23.Bb4 Rg8 24.f4 Qd8 25.Qf2 Qd5 26.Bc5 Rc7 27.h5 Rg7 28.h6 Rg8 29.c4 Qd8
30.g4 Re8 31.f5 gxf5 32.gxf5 Rg8+ 33.Kh2 Bxe5+ 34.Rxe5 Bxc4 35.Qf4 Qb8 36.Rxe7 Rxe7
37.Qxb8 Rxe1 38.Qd6 Re2+ 39.Kh3 Re3+ 40.Kh2 Re2+ 41.Kh3 Re3+  1/2-1/2

[Event "It"]
[Site "Kemerovo RUS"]
[Date "2007.08.09"]
[Round "5"]
[White "Skurygin,A"]
[Black "Dralov,V"]
[Result "1/2-1/2"]
[WhiteElo "2319"]
[BlackElo "2196"]

1.e4 c5 2.Nf3 Nc6 3.Bb5 g6 4.O-O Bg7 5.Re1 Nd4 6.Bf1 e6 7.c3 Nxf3+ 8.Qxf3 Ne7
9.d4 cxd4 10.cxd4 Bxd4 11.Nc3  1/2-1/2

[Event "ch-Euro Rapid Women"]
[Site "Predeal ROM"]
[Date "2007.08.09"]
[Round "8"]
[White "Muzychuk,A"]
[Black "Cmilyte,V"]
[Result "0-1"]
[WhiteElo "2456"]
[BlackElo "2467"]

1.e4 c5 2.Nf3 Nc6 3.Bb5 e6 4.Bxc6 bxc6 5.d3 Ne7 6.Qe2 Qc7 7.e5 Ng6 8.c4 Be7
9.Nc3 f6 10.exf6 gxf6 11.Bh6 d5 12.O-O Rg8 13.d4 Nf4 14.Bxf4 Qxf4 15.cxd5 cxd4
16.g3 dxc3 17.dxe6 Qa4 18.b3 Qb5 19.Qc2 Rg7 20.Qxc3 c5 21.Rad1 Bb7 22.Nh4 Qc6
23.f3 Rg5 24.Qc2 Qxe6 25.Qxh7 Rd8 26.Rde1 Qf7 27.Qh8+ Kd7 28.Qh6 Bf8 29.Rd1+ Bd5
30.Qh8 c4 31.Kg2 c3 32.Nf5 c2 33.Rd2 Bb4 34.Rxd5+ Qxd5 35.Qh7+ Kc6 36.Qxa7 Rxf5
37.Qa6+ Kc7 38.Qa7+ Qb7 39.Qe3 Re5 40.Qf4 Rd2+ 41.Kh3 Qc8+  0-1

[Event "ch-Euro Rapid Women"]
[Site "Predeal ROM"]
[Date "2007.08.09"]
[Round "9"]
[White "Muzychuk,M"]
[Black "Craciun,P"]
[Result "1-0"]
[WhiteElo "2330"]
[BlackElo "2192"]

1.e4 c5 2.Nf3 Nc6 3.Bb5 g6 4.O-O Bg7 5.c3 e5 6.d4 cxd4 7.cxd4 Nxd4 8.Nxd4 exd4
9.f4 Qb6 10.Na3 Ne7 11.Nc4 Qc5 12.b4 Qc7 13.f5 Be5 14.Nxe5 Qxe5 15.Bc4 d5
16.Bb5+ Nc6 17.Bf4 Qf6 18.exd5 O-O 19.dxc6 bxc6 20.Bd3  1-0

[Event "Arctic Chess Challenge"]
[Site "Tromso NOR"]
[Date "2007.08.09"]
[Round "6"]
[White "Macieja,B"]
[Black "Moiseenko,A1"]
[Result "0-1"]
[WhiteElo "2596"]
[BlackElo "2641"]

1.e4 c5 2.Nf3 Nc6 3.Bb5 d6 4.Bxc6+ bxc6 5.O-O e5 6.c3 Nf6 7.d4 Nxe4 8.Qa4 Qb6
9.Re1 f5 10.dxe5 d5 11.c4 Qa6 12.Qc2 Be7 13.b3 O-O 14.Nc3 Be6 15.Bb2 Rad8
16.Qe2 Nxc3 17.Bxc3 dxc4 18.Rec1 Rd3 19.Bd2 h6 20.Ne1 Rd7 21.Nf3 Rb8 22.Be3 Qa3
23.bxc4 Rb2 24.Rc2 Rdb7 25.h3 R7b4 26.Bc1 Rxc2 27.Qxc2 Qa4 28.Qxa4 Rxa4 29.Nd2 Bxc4
30.Nxc4 Rxc4 31.Kf1 Kf7 32.Bd2 Ke6 33.f4 Ra4 34.Ke2 c4 35.Bc1 Ra5 36.a3 Rb5
37.Ra2 g5 38.g4 Rb3 39.fxg5 hxg5 40.Rc2 Rxh3 41.gxf5+ Kxf5 42.Rxc4 Rh6 43.Ra4 Bc5
44.Rc4 Bb6 45.Kf3 c5 46.Kg3 Rh4 47.Rc2 Rg4+ 48.Kf3 Ra4 49.Re2 g4+ 50.Kg3 Bc7
51.Bb2 Ke6 52.Kh4 Rc4 53.Kg3 a5 54.Kh4 a4 55.Kh5 Ba5  0-1

[Event "RC Sport Open"]
[Site "Ceska Trebova CZE"]
[Date "2007.08.10"]
[Round "1"]
[White "Borek,P"]
[Black "Cvek,R"]
[Result "0-1"]
[WhiteElo "2055"]
[BlackElo "2548"]

1.e4 c5 2.Nf3 Nc6 3.Bb5 g6 4.O-O Bg7 5.c3 Nf6 6.Re1 O-O 7.d4 cxd4 8.cxd4 d5
9.Bxc6 bxc6 10.e5 Ne4 11.Nbd2 Bf5 12.Nxe4 dxe4 13.Ng5 Be6 14.Rxe4 c5 15.Re1 Qxd4
16.Nf3 Qb4 17.b3 Rfd8 18.Bd2 Qb7 19.Qe2 Bg4 20.Bg5 h6 21.Bh4 Rd4 22.Bg3 Rad8
23.Rad1 e6 24.Rxd4 cxd4 25.Rd1 Bf8 26.h3 Bxf3 27.gxf3 Qd5 28.Rd3 Bc5 29.Qd2 Kh7
30.Bf4 Be7 31.Bg3 Rd7 32.f4 a5 33.f3 Bb4 34.Qd1 Bc3 35.Be1 Bxe1 36.Qxe1 Qc5
37.Qd2 Rd5 38.Kg2 Qb6 39.Kg3 Qd8 40.h4 Kg7 41.a3 f6 42.b4 a4 43.b5 fxe5 44.fxe5 Qb8
45.f4 Qxb5 46.Rxd4 Qb3+ 47.Kg2 Qxa3 48.Rxd5 exd5 49.Qxd5 Qb2+ 50.Kg1 Qc1+
51.Kg2 Qc2+ 52.Kg1 Qc7 53.Qd4 a3 54.e6+ Kg8 55.Qf6 Qg7 56.Qd8+ Kh7 57.e7 a2
58.e8=Q a1=Q+ 59.Kf2 Qga7+ 60.Qe3 Q1a2+ 61.Kf3 Qb7+  0-1

[Event "12th WY U16 Ol"]
[Site "Singapore SIN"]
[Date "2007.08.10"]
[Round "8"]
[White "Sumant,S"]
[Black "Muhd,H"]
[Result "1/2-1/2"]
[WhiteElo "1964"]
[BlackElo "1914"]

1.e4 c5 2.Nf3 Nc6 3.Bb5 g6 4.O-O Bg7 5.c3 Nf6 6.Qa4 O-O 7.d4 cxd4 8.cxd4 Qc7
9.Nc3 d6 10.Bf4 Bd7 11.Rac1 a6 12.Be2 Nh5 13.Be3 Nxd4 14.Qd1 Nxe2+ 15.Qxe2 Qd8
16.Rfd1 Bc6 17.Nd4 Qe8 18.Nxc6 bxc6 19.Qc4 Nf6 20.f3 h6 21.b4 a5 22.b5 cxb5
23.Nxb5 Rc8 24.Qa4 Rb8 25.Rb1 Qd8 26.e5 Ne8 27.exd6 Nxd6 28.Nxd6 Rxb1 29.Rxb1 Qxd6
30.Qxa5 Be5 31.h3 Qd3 32.Qe1 Bd4 33.Bxd4 Qxd4+ 34.Qf2 Qd5 35.a4 Ra8 36.Qh4 Qc5+
37.Kh1 Qc2  1/2-1/2

[Event "12th WY U16 Ol"]
[Site "Singapore SIN"]
[Date "2007.08.10"]
[Round "8"]
[White "Yilmaz,M"]
[Black "Sukandar,I"]
[Result "0-1"]
[WhiteElo "2204"]
[BlackElo "2259"]

1.e4 c5 2.Nf3 Nc6 3.Bb5 g6 4.Bxc6 dxc6 5.d3 Bg7 6.h3 e5 7.Nc3 Qe7 8.Be3 Nf6
9.Qd2 Nd7 10.Bh6 f6 11.Bxg7 Qxg7 12.Nh2 Nf8 13.f4 exf4 14.Qxf4 Ne6 15.Qd2 Bd7
16.O-O O-O-O 17.Ne2 Rhf8 18.Rab1 f5 19.exf5 gxf5 20.b4 Rde8 21.bxc5 Nxc5
22.Rf2 Be6 23.Rbf1 b6 24.a3 Bd7 25.Nf3 Ne6 26.a4 c5 27.d4 cxd4 28.Nfxd4 Nc5
29.Nc3 Rd8 30.Qf4 Bxa4 31.Nce2 Bd7 32.Rf3 Rde8 33.Ra3 Rxe2 34.Nxe2 Bc6 35.Rg3 Qd7
36.Qh6 Rf7 37.Nf4 Kb7 38.Rg8 Ne4 39.Nd3 a5 40.Qf4 Qd4+ 41.Kh2 Rg7 42.Rxg7+ Qxg7
43.Ne5 Bd5 44.Nf3 a4 45.Qxf5 Qg3+ 46.Kg1 Bc6 47.Qe5 Qxe5 48.Nxe5 b5 49.Nd3 Kb6
50.g4 Ka5 51.Kh2 a3 52.h4 b4 53.g5 a2 54.Nc1 Bd5 55.Rf4 Kb6 56.Nb3 Bxb3 57.Rf1 Bxc2  0-1